00963nam a22002537i 4500003000900000005001700009007000300026008004100029040003000070041000800100082002300108110004300131240001600174245014100190264008800331300002700419336002700446337003300473338002800506650006000534650001900594650006900613710002700682DO-SdBNP20250423134814.0ta220520b2014 dr ||||| |||| 00| 0 spa d aDO-SdBNPbspacBNPHUerda aspa 4a323.445bR426L2221 aRepública Dominicana. (Leyes, etc.)00aLeyes, etc.10aLey general de libre acceso a la información pública :bno. 200-04 y el decreto No. 130-05 que aprueba su reglamento de aplicación aSanto Domingo :bDirección General de Ética e Integridad Gubernamental, c2014. a67 páginas ;c21 cm. atextobtxt2rdaconten. asin mediaciónbn2rdamedia avolumenbnc2rdacarrier 4aDerechos civilesxLegislaciónzRepública Dominicana 4aLey No. 200-04 4aLibertad de informaciónxLegislaciónzRepública Dominicana1 aRepública Dominicana